Statistics for Mal's General Knowledge 12

Click here to take the quiz!

General Stats

  • This quiz has been taken 98 times
  • The average score is 9 of 20

Answer Stats

Hint Answer % Correct
What is the capital of CanadaOttawa
96%
The Ryder Cup is awarded to countries that compete in what sportGolf
83%
Name the Japanese art of 'Miniature Plant Cultivation'Bonsai
78%
Who wrote 'Robinson Crusoe'Daniel Defoe
70%
Someone who is 'CARNOPHOBIC' has an irrational fear of whatMeat
66%
Which Asian City hosted the Olympic Games in 1988Seoul
60%
Which element has the atomic No. 9 and Periodic Symbol FFluorine
54%
Two States of the USA border 8 other States, One is Tennessee, what is the otherMissouri
53%
Sukarno became the first President of which country in 1945Indonesia
47%
If you owned a TVR what would you ownA Sports Car
43%
Who composed the Opera 'La Bohème'Giacomo Puccini
41%
In Greek Mythology who was the father of 'Zeus'Cronus
40%
Which flowers are represented by the 'Fleur-de-lys'Iris
39%
Who would use a form tool called a 'Last'A Cobbler
33%
What is the name of Jupiter's largest moonGanymede
31%
Who said "If you can't handle me at my worst, then you sure as hell don't deserve me at my best"Marilyn Monroe
26%
What is the name of the main root of a treeThe Tap Root
24%
An adult dog has how many permanent teeth42
21%
Who is the only Football (Soccer) player to score a 'Hat-Trick' in a World Cup FinalGeoff Hurst
20%
What is the human 'Tarsus'The ankle
13%

Score Distribution

Percentile by Number Answered

Percent of People with Each Score

Your Score History

You have not taken this quiz